Overview of freshwater fish seed production and distribution in Vietnam : AIT Aquaculture outreach programme working paper no. NV6
The study was undertaken to describe and analyse current production and distribution of freshwater fish seed in Northern and Sounthern Vietnam,...
Bewaard in:
| Formaat: | Boek |
|---|---|
| Taal: | Undetermined |
| Gepubliceerd in: |
Cantho
Cantho university
1995
|
| Onderwerpen: | |
| Tags: |
Voeg label toe
Geen labels, Wees de eerste die dit record labelt!
|
| Thư viện lưu trữ: | Trung tâm Học liệu Trường Đại học Cần Thơ |
|---|
| LEADER | 00775nam a2200205Ia 4500 | ||
|---|---|---|---|
| 001 | CTU_149864 | ||
| 008 | 210402s9999 xx 000 0 und d | ||
| 082 | |a 333.96 | ||
| 082 | |b O.96 | ||
| 245 | 0 | |a Overview of freshwater fish seed production and distribution in Vietnam : | |
| 245 | 0 | |b AIT Aquaculture outreach programme working paper no. NV6 | |
| 245 | 0 | |c Prepared by David Little and Pham Anh Tuan | |
| 260 | |a Cantho | ||
| 260 | |b Cantho university | ||
| 260 | |c 1995 | ||
| 520 | |a The study was undertaken to describe and analyse current production and distribution of freshwater fish seed in Northern and Sounthern Vietnam,... | ||
| 650 | |a Freshwater fishes | ||
| 650 | |x Congresses | ||
| 904 | |i Năm | ||
| 980 | |a Trung tâm Học liệu Trường Đại học Cần Thơ | ||